banner koha

O Livro dos vampiros: A Enciclopedia dos mortos-vivos / (Registro n. 8137)

MARC details
000 -LÍDER
campo de controle de tamanho fixo 01254nam a2200253 a 4500
001 - NÚMERO DE CONTROLE
campo de controle BS0003074
003 - IDENTIFICADOR DO NÚMERO DE CONTROLE
campo de controle BR-BrBNA
005 - DATA E HORÁRIO DA ÚLTIMA TRANSAÇÃO
campo de controle 20230418192218.0
008 - CAMPO DE DADOS FIXOS--INFORMAÇÃO GERAL
campo de controle de tamanho fixo 230308b |||||||| |||| 00| 0 por d
040 ## - FONTE DA CATALOGAÇÃO
Instituição da catalogação original BR-BrBNA
Idioma da catalogação por
Instituição que transcreveu o registro Biblioteca Nacional de Agricultura
041 ## - CÓDIGO DE IDIOMA
Código do idioma do texto/trilha sonora ou título diferente por
072 ## - CÓDIGO DE CATEGORIA DE ASSUNTO
Código de Categoria de Assunto B59
090 ## - NÚMERO DE CHAMADA LOCAL
Número de chamada B59 BS0003074
100 1# - ENTRADA PRINCIPAL--NOME PESSOAL
Nome pessoal Melton, J.gordon.
245 1# - TÍTULO
Título O Livro dos vampiros: A Enciclopedia dos mortos-vivos /
260 3# - PUBLICAÇÃO, DISTRIBUIÇÃO, ETC.
Local de publicação, distribuição, etc. São Paulo, SP.:
Nome do editor, distribuidor, etc. Makron books,
Data da publicação, distribuição, etc. 1995.
300 ## - DESCRIÇÃO FÍSICA
Extensão 1017 p.
500 ## - NOTA GERAL
Nota geral Titulo original: The vampire book: The encyclopedia of the undead. Traduzido por James Sunderland cook..<br/>
520 3# - NOTA DE RESUMO, ETC
Resumo, etc. Antigamente era exótico falar sobre vampiros, além de ser algo de interesse para apenas um pequeno grupo de entusiastas. No entanto, em pleno século XXI, o assunto está tão popularizado (senão ridicularizado com certas produções a respeito)que até crianças querem ser vampiros. O Livro dos Vampiros: A Enciclopédia dos Mortos-Vivos, de J. Gordon Melton, publicado pela M. Books vai muito além, pois em uma edição luxuosa conta tudo deste mundo dark de maneira simples e até didática.
650 ## - ASSUNTO--TERMO TÓPICO
Cabeçalho tópico ou nome geográfico OCULTISMO
650 ## - ASSUNTO--TERMO TÓPICO
Cabeçalho tópico ou nome geográfico VAMPIRISMO
909 ## -
-- 202304
-- Sergio Santos
-- 56
-- Sergio Santos
942 ## - ELEMENTOS DE ENTRADA ADICIONADOS (KOHA)
Tipo de material Koha Livros
Exemplares
Situação do descarte Fonte da classificação ou esquema de arquivamento na estante Situação física Não pode ser emprestado Coleção Biblioteca de origem Biblioteca atual Total de empréstimos Número de telefone completo Código de barras Data de último acesso Número do exemplar Tipo de material Koha Situação das perdas Data de aquisição Fonte de aquisição Qualificador de local codificado
  Classificação AGRIS     Acervo Cultural Biblioteca Nacional de Agricultura - Binagri Biblioteca Nacional de Agricultura - Binagri   B59 BS0003074 B59 BS0003074 12/04/2023 01 Livros   2023-04-04 Doação B59

BINAGRI

Telefone: (61)3218-2567/2388/3357/2097 - binagri@agro.gov.br

Ministério da Agricultura e Pecuária , Esplanada dos Ministérios, Bloco D, Anexo B, Brasília/DF, CEP: 70.043-900